000
00336nam a2200145Ia 4500
005
20251222144636.0
008
251222s9999||||xx |||||||||||||| ||spa||
020
_a
9789500253284
082
_a
940.531/E23
100
_a
Eder, Cyril
245
0
_a
Las Condesas de la Gestapo
250
_a
1ra.ed.
264
_b
El Ateneo
942
_c
LIB
999
_c
16490
_d
16490